[Event "SportAccord MindGames Final Tournament"]
[Site "playchess.com #044013"]
[Date "2011.10.29"]
[Round "11"]
[White "Sourisblanche"]
[Black "FCChelsea"]
[Result "1-0"]
[WhiteElo "2713"]
[BlackElo "2525"]
[PlyCount "78"]
[EventDate "2011.10.29"]
[EventType "tourn (blitz)"]

1. e4 {[%emt 0:00:02]} c5 {[%emt 0:00:01]} 2. Nf3 {[%emt 0:00:02]} e6 {[%emt 0:
00:01]} 3. c3 {[%emt 0:00:02]} d5 {[%emt 0:00:01]} 4. exd5 {[%emt 0:00:00]}
Qxd5 {[%emt 0:00:01]} 5. d4 {[%emt 0:00:00]} Nf6 {[%emt 0:00:01]} 6. Be3 {
[%emt 0:00:01]} cxd4 {[%emt 0:00:02]} 7. cxd4 {[%emt 0:00:01]} Nc6 {[%emt 0:00:
01]} 8. Nc3 {[%emt 0:00:01]} Qd6 {[%emt 0:00:01]} 9. Bd3 {[%emt 0:00:01]} Be7 {
[%emt 0:00:01]} 10. a3 {[%emt 0:00:01]} O-O {[%emt 0:00:01]} 11. O-O {[%emt 0:
00:01]} b6 {[%emt 0:00:01]} 12. Qe2 {[%emt 0:00:01]} Bb7 {[%emt 0:00:01]} 13.
Rad1 {[%emt 0:00:01]} Rac8 {[%emt 0:00:01]} 14. Rfe1 {[%emt 0:00:04]} Rfd8 {
[%emt 0:00:02]} 15. Bb1 {[%emt 0:00:01]} Ng4 {[%emt 0:00:06]} 16. h3 {[%emt 0:
00:21]} Nxe3 {[%emt 0:00:02]} 17. fxe3 {[%emt 0:00:01]} Bf8 {[%emt 0:00:04]}
18. Ng5 {[%emt 0:00:29]} g6 {[%emt 0:00:06]} 19. Rf1 {[%emt 0:00:02]} f5 {
[%emt 0:00:06]} 20. Nxe6 {[%emt 0:00:08]} Qxe6 {[%emt 0:00:02]} 21. Ba2 {[%emt
0:00:01]} Qxa2 {[%emt 0:00:09]} 22. Nxa2 {[%emt 0:00:01]} Ne7 {[%emt 0:00:01]}
23. Nc3 {[%emt 0:00:03]} Nd5 {[%emt 0:00:01]} 24. Nxd5 {[%emt 0:00:03]} Bxd5 {
[%emt 0:00:01]} 25. Rc1 {[%emt 0:00:01]} b5 {[%emt 0:00:02]} 26. Rxc8 {[%emt 0:
00:07]} Rxc8 {[%emt 0:00:01]} 27. Qxb5 {[%emt 0:00:01]} Be4 {[%emt 0:00:02]}
28. Qd7 {[%emt 0:00:55]} Rc2 {[%emt 0:00:09]} 29. Rf2 {[%emt 0:00:01]} Rc1+ {
[%emt 0:00:01]} 30. Kh2 {[%emt 0:00:01]} Rc6 {[%emt 0:00:07]} 31. d5 {[%emt 0:
00:24]} Bd6+ {[%emt 0:00:02]} 32. g3 {[%emt 0:00:15]} Rc1 {[%emt 0:00:04]} 33.
Rg2 {[%emt 0:00:03]} Bf8 {[%emt 0:00:10]} 34. d6 {[%emt 0:00:07]} Rd1 {[%emt 0:
00:02]} 35. Qe6+ {[%emt 0:00:03]} Kg7 {[%emt 0:00:01]} 36. d7 {[%emt 0:00:03]}
h5 {[%emt 0:00:07]} 37. Qe8 {[%emt 0:00:05]} h4 {[%emt 0:00:01]} 38. d8=Q {
[%emt 0:00:09]} hxg3+ {[%emt 0:00:01]} 39. Kxg3 {[%emt 0:00:01]} Bd6+ {[%emt 0:
00:01] FCChelsea resigns} 1-0

[Event "SportAccord MindGames Final Tournament"]
[Site "playchess.com #044013"]
[Date "2011.10.29"]
[Round "11"]
[White "Vlad_Artemiev"]
[Black "Munkhgal"]
[Result "1-0"]
[WhiteElo "2876"]
[BlackElo "2491"]
[PlyCount "127"]
[EventDate "2011.10.29"]
[EventType "tourn (blitz)"]

1. e4 {[%emt 0:00:00]} c5 {[%emt 0:00:02]} 2. d3 {[%emt 0:00:01]} Nc6 {[%emt 0:
00:04]} 3. g3 {[%emt 0:00:01]} g6 {[%emt 0:00:02]} 4. Bg2 {[%emt 0:00:01]} Bg7
{[%emt 0:00:01]} 5. f4 {[%emt 0:00:00]} d6 {[%emt 0:00:01]} 6. Nf3 {[%emt 0:00:
01]} e6 {[%emt 0:00:00]} 7. O-O {[%emt 0:00:01]} Nge7 {[%emt 0:00:00]} 8. c3 {
[%emt 0:00:00]} O-O {[%emt 0:00:07]} 9. Be3 {[%emt 0:00:01]} b6 {[%emt 0:00:03]
} 10. Re1 {[%emt 0:00:06]} Bb7 {[%emt 0:00:03]} 11. d4 {[%emt 0:00:05]} Qc7 {
[%emt 0:00:08]} 12. Na3 {[%emt 0:00:06]} a6 {[%emt 0:00:03]} 13. Qd2 {[%emt 0:
00:02]} Rad8 {[%emt 0:00:03]} 14. Bf2 {[%emt 0:00:03]} b5 {[%emt 0:00:06]} 15.
Rad1 {[%emt 0:00:05]} b4 {[%emt 0:00:03]} 16. Nc2 {[%emt 0:00:16]} a5 {[%emt 0:
00:04]} 17. Qe2 {[%emt 0:00:16]} cxd4 {[%emt 0:00:12]} 18. Ncxd4 {[%emt 0:00:
10]} bxc3 {[%emt 0:00:09]} 19. Nb5 {[%emt 0:00:03]} Qb8 {[%emt 0:00:01]} 20.
Nxc3 {[%emt 0:00:01]} Nb4 {[%emt 0:00:05]} 21. a3 {[%emt 0:00:05]} Ba6 {[%emt
0:00:01]} 22. Qd2 {[%emt 0:00:23]} Nd3 {[%emt 0:00:02]} 23. Re2 {[%emt 0:00:02]
} Nxb2 {[%emt 0:00:43]} 24. Qxb2 {[%emt 0:00:04]} Qxb2 {[%emt 0:00:01]} 25.
Rxb2 {[%emt 0:00:00]} Bxc3 {[%emt 0:00:01]} 26. Rb6 {[%emt 0:00:01]} Be2 {
[%emt 0:00:13]} 27. Rdxd6 {[%emt 0:00:16]} Nc8 {[%emt 0:00:02]} 28. Rxd8 {
[%emt 0:00:05]} Rxd8 {[%emt 0:00:00]} 29. Rc6 {[%emt 0:00:06]} Bg7 {[%emt 0:00:
37]} 30. Bc5 {[%emt 0:00:05]} Bb5 {[%emt 0:00:09]} 31. Rc7 {[%emt 0:00:02]} Nd6
{[%emt 0:00:01]} 32. Ne5 {[%emt 0:00:30]} Bxe5 {[%emt 0:00:19]} 33. fxe5 {
[%emt 0:00:00]} Nc4 {[%emt 0:00:01]} 34. Bf1 {[%emt 0:00:21]} g5 {[%emt 0:00:
19]} 35. a4 {[%emt 0:00:35] .} Rd1 {[%emt 0:00:14]} 36. axb5 {[%emt 0:00:04]}
Nd2 {[%emt 0:00:00]} 37. b6 {[%emt 0:00:07]} Rxf1+ {[%emt 0:00:02]} 38. Kg2 {
[%emt 0:00:01]} Rb1 {[%emt 0:00:01]} 39. b7 {[%emt 0:00:01]} Kg7 {[%emt 0:00:
04]} 40. Ba7 {[%emt 0:00:01]} Nxe4 {[%emt 0:00:07]} 41. b8=Q {[%emt 0:00:01]}
Rxb8 {[%emt 0:00:01]} 42. Bxb8 {[%emt 0:00:00]} a4 {[%emt 0:00:02]} 43. Ra7 {
[%emt 0:00:01]} Nc3 {[%emt 0:00:01]} 44. Bd6 {[%emt 0:00:00]} Kg6 {[%emt 0:00:
01]} 45. Bb4 {[%emt 0:00:02]} Nd5 {[%emt 0:00:01]} 46. Rxa4 {[%emt 0:00:01]}
Ne3+ {[%emt 0:00:01]} 47. Kg1 {[%emt 0:00:02]} Nf5 {[%emt 0:00:02]} 48. Bd6 {
[%emt 0:00:01]} h5 {[%emt 0:00:01]} 49. Kf2 {[%emt 0:00:03]} g4 {[%emt 0:00:01]
} 50. Ra8 {[%emt 0:00:02]} Nh6 {[%emt 0:00:02]} 51. Be7 {[%emt 0:00:02]} Nf5 {
[%emt 0:00:02]} 52. Bf6 {[%emt 0:00:01]} Nd4 {[%emt 0:00:02]} 53. Ke3 {[%emt 0:
00:02]} Nf3 {[%emt 0:00:02]} 54. h3 {[%emt 0:00:03]} Nh2 {[%emt 0:00:04]} 55.
Rg8+ {[%emt 0:00:03]} Kh6 {[%emt 0:00:02]} 56. hxg4 {[%emt 0:00:02]} hxg4 {
[%emt 0:00:02]} 57. Rh8+ {[%emt 0:00:02]} Kg6 {[%emt 0:00:02]} 58. Rxh2 {[%emt
0:00:01]} Kf5 {[%emt 0:00:00]} 59. Rh5+ {[%emt 0:00:01]} Kg6 {[%emt 0:00:01]}
60. Rg5+ {[%emt 0:00:00]} Kh6 {[%emt 0:00:01]} 61. Kf4 {[%emt 0:00:00]} Kh7 {
[%emt 0:00:01]} 62. Kxg4 {[%emt 0:00:00]} Kh6 {[%emt 0:00:00]} 63. Kf4 {[%emt
0:00:02]} Kh7 {[%emt 0:00:01]} 64. Rg7+ {[%emt 0:00:00] Munkhgal resigns} 1-0

[Event "SportAccord MindGames Final Tournament"]
[Site "playchess.com #044013"]
[Date "2011.10.29"]
[Round "11"]
[White "DirtyJoker"]
[Black "Crg"]
[Result "1-0"]
[WhiteElo "2638"]
[BlackElo "2542"]
[PlyCount "105"]
[EventDate "2011.10.29"]
[EventType "tourn (blitz)"]

1. d4 {[%emt 0:00:01]} f5 {[%emt 0:00:01]} 2. Bg5 {[%emt 0:00:02]} d5 {[%emt 0:
00:02]} 3. e3 {[%emt 0:00:02]} c6 {[%emt 0:00:01]} 4. c4 {[%emt 0:00:01]} Nf6 {
[%emt 0:00:03]} 5. Nc3 {[%emt 0:00:02]} e6 {[%emt 0:00:01]} 6. Nf3 {[%emt 0:00:
02]} Be7 {[%emt 0:00:01]} 7. Bd3 {[%emt 0:00:05]} O-O {[%emt 0:00:01]} 8. O-O {
[%emt 0:00:03]} Ne4 {[%emt 0:00:01]} 9. Bxe7 {[%emt 0:00:03]} Qxe7 {[%emt 0:00:
00]} 10. Qc2 {[%emt 0:00:16]} Nd7 {[%emt 0:00:03]} 11. Rab1 {[%emt 0:00:04]} g5
{[%emt 0:00:11]} 12. b4 {[%emt 0:00:19]} g4 {[%emt 0:00:08]} 13. Nd2 {[%emt 0:
00:01]} Rf6 {[%emt 0:00:13]} 14. f3 {[%emt 0:00:03]} Nxd2 {[%emt 0:00:04]} 15.
Qxd2 {[%emt 0:00:01]} gxf3 {[%emt 0:00:03]} 16. gxf3 {[%emt 0:00:30]} Rg6+ {
[%emt 0:00:02]} 17. Kh1 {[%emt 0:00:01]} Nf6 {[%emt 0:00:00]} 18. e4 {[%emt 0:
00:01]} Nh5 {[%emt 0:00:21]} 19. Rg1 {[%emt 0:00:35]} Bd7 {[%emt 0:00:03]} 20.
cxd5 {[%emt 0:00:07]} cxd5 {[%emt 0:00:04]} 21. exf5 {[%emt 0:00:01]} exf5 {
[%emt 0:00:02]} 22. Nxd5 {[%emt 0:00:11] . Crg reconnected.} Qh4 {[%emt 0:00:
07]} 23. Rxg6+ {[%emt 0:00:16]} hxg6 {[%emt 0:00:01]} 24. Rg1 {[%emt 0:00:08]}
Kh7 {[%emt 0:00:03]} 25. Qg2 {[%emt 0:00:11]} Rg8 {[%emt 0:00:04]} 26. Ne7 {
[%emt 0:00:01]} Qxe7 {[%emt 0:00:01]} 27. Bc4 {[%emt 0:00:05]} Rg7 {[%emt 0:00:
02]} 28. Qh3 {[%emt 0:00:01]} f4 {[%emt 0:00:09]} 29. Qg2 {[%emt 0:00:05]} Qxb4
{[%emt 0:00:03]} 30. Bf7 {[%emt 0:00:03]} Bf5 {[%emt 0:00:02]} 31. Bb3 {[%emt
0:00:05]} Qxd4 {[%emt 0:00:03]} 32. Qe2 {[%emt 0:00:01]} Qe3 {[%emt 0:00:04]}
33. Qd1 {[%emt 0:00:01]} Rd7 {[%emt 0:00:07]} 34. Qf1 {[%emt 0:00:08]} Rd2 {
[%emt 0:00:03]} 35. Bd1 {[%emt 0:00:27]} Bd3 {[%emt 0:00:18]} 36. Qh3 {[%emt 0:
00:02]} Qxg1+ {[%emt 0:00:06]} 37. Kxg1 {[%emt 0:00:01]} Rxd1+ {[%emt 0:00:00]}
38. Kf2 {[%emt 0:00:01]} Rf1+ {[%emt 0:00:00]} 39. Kg2 {[%emt 0:00:01]} Be2 {
[%emt 0:00:05]} 40. Qd7+ {[%emt 0:00:01]} Ng7 {[%emt 0:00:02]} 41. Qe7 {[%emt
0:00:02]} Ba6 {[%emt 0:00:04]} 42. Qh4+ {[%emt 0:00:01]} Nh5 {[%emt 0:00:06]}
43. Qe7+ {[%emt 0:00:01]} Kh6 {[%emt 0:00:01]} 44. Qf8+ {[%emt 0:00:06]} Kg5 {
[%emt 0:00:04]} 45. Qe7+ {[%emt 0:00:01]} Kf5 {[%emt 0:00:01]} 46. Qd7+ {[%emt
0:00:01]} Ke5 {[%emt 0:00:02]} 47. Qe7+ {[%emt 0:00:01]} Kd4 {[%emt 0:00:07]}
48. Qe4+ {[%emt 0:00:01]} Kc5 {[%emt 0:00:07]} 49. Qxg6 {[%emt 0:00:01]} Re1 {
[%emt 0:00:06]} 50. Qxh5+ {[%emt 0:00:01]} Kb4 {[%emt 0:00:08]} 51. Qf7 {[%emt
0:00:03]} Re2+ {[%emt 0:00:01]} 52. Kh3 {[%emt 0:00:02]} Ka3 {[%emt 0:00:05]}
53. Qb3# {[%emt 0:00:01]} 1-0

[Event "SportAccord MindGames Final Tournament"]
[Site "playchess.com #044013"]
[Date "2011.10.29"]
[Round "11"]
[White "LAXMAN"]
[Black "ChennaiKramnik"]
[Result "1/2-1/2"]
[WhiteElo "2646"]
[BlackElo "2581"]
[PlyCount "269"]
[EventDate "2011.10.29"]
[EventType "tourn (blitz)"]

1. Nf3 {[%emt 0:00:01]} Nf6 {[%emt 0:00:01]} 2. c4 {[%emt 0:00:01]} g6 {[%emt
0:00:00]} 3. g3 {[%emt 0:00:02]} Bg7 {[%emt 0:00:00]} 4. Bg2 {[%emt 0:00:01]}
O-O {[%emt 0:00:01]} 5. Nc3 {[%emt 0:00:01]} d5 {[%emt 0:00:01]} 6. cxd5 {
[%emt 0:00:01]} Nxd5 {[%emt 0:00:01]} 7. O-O {[%emt 0:00:00]} Nb6 {[%emt 0:00:
01]} 8. d4 {[%emt 0:00:02]} Nc6 {[%emt 0:00:01]} 9. e3 {[%emt 0:00:04]} Re8 {
[%emt 0:00:02]} 10. Qe2 {[%emt 0:00:02]} a5 {[%emt 0:00:07]} 11. Rd1 {[%emt 0:
00:02]} a4 {[%emt 0:00:04]} 12. Bd2 {[%emt 0:00:12]} Be6 {[%emt 0:00:05]} 13.
Be1 {[%emt 0:00:07]} Bc4 {[%emt 0:00:02]} 14. Qc2 {[%emt 0:00:01]} Nb4 {[%emt
0:00:05]} 15. Qb1 {[%emt 0:00:04]} c6 {[%emt 0:00:11]} 16. Ne4 {[%emt 0:00:06]}
N6d5 {[%emt 0:00:18]} 17. Ne5 {[%emt 0:00:08]} Be2 {[%emt 0:00:20]} 18. Rd2 {
[%emt 0:00:12]} Bb5 {[%emt 0:00:14]} 19. Nc3 {[%emt 0:00:06]} a3 {[%emt 0:00:
13]} 20. Nxb5 {[%emt 0:00:07]} cxb5 {[%emt 0:00:01]} 21. bxa3 {[%emt 0:00:01]}
Rxa3 {[%emt 0:00:03]} 22. Rb2 {[%emt 0:00:08]} Bxe5 {[%emt 0:00:16]} 23. dxe5 {
[%emt 0:00:09]} Nd3 {[%emt 0:00:04]} 24. Rxb5 {[%emt 0:00:03]} Nc3 {[%emt 0:00:
28]} 25. Bxc3 {[%emt 0:00:01]} Rxc3 {[%emt 0:00:01]} 26. Qf1 {[%emt 0:00:00]}
Qc7 {[%emt 0:00:07]} 27. Rd1 {[%emt 0:00:07]} Nxe5 {[%emt 0:00:08]} 28. Rxb7 {
[%emt 0:00:01]} Qa5 {[%emt 0:00:06]} 29. Rd5 {[%emt 0:00:07]} Qa3 {[%emt 0:00:
09]} 30. Rb3 {[%emt 0:00:07]} Rxb3 {[%emt 0:00:06]} 31. axb3 {[%emt 0:00:00]}
f6 {[%emt 0:00:10]} 32. Rd1 {[%emt 0:00:07]} Rb8 {[%emt 0:00:07]} 33. f4 {
[%emt 0:00:04]} Ng4 {[%emt 0:00:09]} 34. Qe2 {[%emt 0:00:04]} f5 {[%emt 0:00:
11]} 35. Bd5+ {[%emt 0:00:02]} Kf8 {[%emt 0:00:04]} 36. Qd2 {[%emt 0:00:25] .}
Rc8 {[%emt 0:00:02]} 37. Qd4 {[%emt 0:00:04]} Nf6 {[%emt 0:00:01]} 38. Bc4 {
[%emt 0:00:02]} Qa2 {[%emt 0:00:05]} 39. h3 {[%emt 0:00:08]} Qc2 {[%emt 0:00:
01]} 40. Qd3 {[%emt 0:00:07]} Qb2 {[%emt 0:00:01]} 41. Qd2 {[%emt 0:00:04]}
Qxd2 {[%emt 0:00:04]} 42. Rxd2 {[%emt 0:00:01]} Ne4 {[%emt 0:00:01]} 43. Rg2 {
[%emt 0:00:07]} Nd6 {[%emt 0:00:02]} 44. Be6 {[%emt 0:00:02]} Rc3 {[%emt 0:00:
02]} 45. Re2 {[%emt 0:00:05]} Ne4 {[%emt 0:00:01]} 46. Kg2 {[%emt 0:00:02]} Nc5
{[%emt 0:00:01]} 47. Bd5 {[%emt 0:00:05]} Nxb3 {[%emt 0:00:02]} 48. g4 {[%emt
0:00:04]} Nc5 {[%emt 0:00:02]} 49. g5 {[%emt 0:00:06]} e6 {[%emt 0:00:01]} 50.
Bf3 {[%emt 0:00:01]} Ke7 {[%emt 0:00:02]} 51. h4 {[%emt 0:00:02]} Ne4 {[%emt 0:
00:05]} 52. Ra2 {[%emt 0:00:07]} Rxe3 {[%emt 0:00:02]} 53. Ra7+ {[%emt 0:00:02]
} Kd6 {[%emt 0:00:01]} 54. Rxh7 {[%emt 0:00:00]} Nd2 {[%emt 0:00:02]} 55. h5 {
[%emt 0:00:13]} gxh5 {[%emt 0:00:06]} 56. Bxh5 {[%emt 0:00:07]} Ne4 {[%emt 0:
00:02]} 57. Bf3 {[%emt 0:00:01]} Rc3 {[%emt 0:00:04]} 58. g6 {[%emt 0:00:08]}
Rc2+ {[%emt 0:00:01]} 59. Kg1 {[%emt 0:00:01]} Rc3 {[%emt 0:00:03]} 60. Kg2 {
[%emt 0:00:01]} Rc2+ {[%emt 0:00:01]} 61. Kg1 {[%emt 0:00:15]} Rc3 {[%emt 0:00:
01]} 62. g7 {[%emt 0:00:10]} Rxf3 {[%emt 0:00:02]} 63. g8=Q {[%emt 0:00:03]}
Rg3+ {[%emt 0:00:01]} 64. Qxg3 {[%emt 0:00:00]} Nxg3 {[%emt 0:00:01]} 65. Kf2 {
[%emt 0:00:00]} Ne4+ {[%emt 0:00:01]} 66. Ke3 {[%emt 0:00:01]} Nf6 {[%emt 0:00:
01]} 67. Rf7 {[%emt 0:00:03]} Nd5+ {[%emt 0:00:01]} 68. Kf3 {[%emt 0:00:01]} e5
{[%emt 0:00:01]} 69. fxe5+ {[%emt 0:00:02]} Kxe5 {[%emt 0:00:01]} 70. Ra7 {
[%emt 0:00:00]} Nf6 {[%emt 0:00:01]} 71. Ra5+ {[%emt 0:00:02]} Nd5 {[%emt 0:00:
02]} 72. Rb5 {[%emt 0:00:01]} Kd4 {[%emt 0:00:01]} 73. Rb1 {[%emt 0:00:02]} Ke5
{[%emt 0:00:01]} 74. Re1+ {[%emt 0:00:01]} Kf6 {[%emt 0:00:01]} 75. Ra1 {[%emt
0:00:01]} Ke5 {[%emt 0:00:01]} 76. Ra5 {[%emt 0:00:01]} Kd4 {[%emt 0:00:01]}
77. Ra6 {[%emt 0:00:01]} Ke5 {[%emt 0:00:01]} 78. Ra5 {[%emt 0:00:01]} Kd4 {
[%emt 0:00:01]} 79. Ra1 {[%emt 0:00:02]} Ke5 {[%emt 0:00:01]} 80. Rh1 {[%emt 0:
00:01]} Kd4 {[%emt 0:00:02]} 81. Rh8 {[%emt 0:00:00]} Ke5 {[%emt 0:00:01]} 82.
Re8+ {[%emt 0:00:01]} Kd4 {[%emt 0:00:01]} 83. Re6 {[%emt 0:00:01]} Kc5 {[%emt
0:00:03]} 84. Re5 {[%emt 0:00:01]} Kd4 {[%emt 0:00:03]} 85. Rxf5 {[%emt 0:00:
01]} Nc3 {[%emt 0:00:01]} 86. Rf4+ {[%emt 0:00:02]} Kd3 {[%emt 0:00:01]} 87.
Rf8 {[%emt 0:00:01]} Nd5 {[%emt 0:00:01]} 88. Rd8 {[%emt 0:00:00]} Kd4 {[%emt
0:00:01]} 89. Ra8 {[%emt 0:00:04]} Ke5 {[%emt 0:00:01]} 90. Ra6 {[%emt 0:00:01]
} Kd4 {[%emt 0:00:01]} 91. Ra4+ {[%emt 0:00:01]} Ke5 {[%emt 0:00:01]} 92. Rc4 {
[%emt 0:00:01]} Nf6 {[%emt 0:00:02]} 93. Ke3 {[%emt 0:00:01]} Nd5+ {[%emt 0:00:
01]} 94. Kd3 {[%emt 0:00:01]} Nf4+ {[%emt 0:00:01]} 95. Kc3 {[%emt 0:00:01]}
Nd5+ {[%emt 0:00:02]} 96. Kd2 {[%emt 0:00:01]} Nf4 {[%emt 0:00:02]} 97. Ra4 {
[%emt 0:00:01]} Nd5 {[%emt 0:00:02]} 98. Rh4 {[%emt 0:00:01]} Nf4 {[%emt 0:00:
02]} 99. Rh8 {[%emt 0:00:01]} Ke4 {[%emt 0:00:01]} 100. Rd8 {[%emt 0:00:02]}
Nd5 {[%emt 0:00:02]} 101. Re8+ {[%emt 0:00:01]} Kd4 {[%emt 0:00:01]} 102. Rh8 {
[%emt 0:00:00]} Ke4 {[%emt 0:00:02]} 103. Rh4+ {[%emt 0:00:02]} Nf4 {[%emt 0:
00:01]} 104. Rh8 {[%emt 0:00:04]} Kd4 {[%emt 0:00:02]} 105. Ra8 {[%emt 0:00:00]
} Nd5 {[%emt 0:00:02]} 106. Ra4+ {[%emt 0:00:02]} Ke5 {[%emt 0:00:01]} 107. Kd3
{[%emt 0:00:00]} Nf4+ {[%emt 0:00:01]} 108. Kc4 {[%emt 0:00:01]} Ke4 {[%emt 0:
00:01]} 109. Kc3+ {[%emt 0:00:01]} Ke5 {[%emt 0:00:03]} 110. Ra5+ {[%emt 0:00:
03]} Ke4 {[%emt 0:00:01]} 111. Rg5 {[%emt 0:00:00]} Nd5+ {[%emt 0:00:01]} 112.
Kd2 {[%emt 0:00:01]} Nf4 {[%emt 0:00:01]} 113. Ra5 {[%emt 0:00:02]} Kd4 {[%emt
0:00:02]} 114. Ra4+ {[%emt 0:00:01]} Ke5 {[%emt 0:00:01]} 115. Ke3 {[%emt 0:00:
00]} Nd5+ {[%emt 0:00:01]} 116. Kf3 {[%emt 0:00:00]} Kd6 {[%emt 0:00:02]} 117.
Rh4 {[%emt 0:00:02]} Ke5 {[%emt 0:00:01]} 118. Rh5+ {[%emt 0:00:02]} Kd4 {
[%emt 0:00:01]} 119. Rg5 {[%emt 0:00:00]} Nc3 {[%emt 0:00:02]} 120. Rg1 {[%emt
0:00:02]} Kd3 {[%emt 0:00:03]} 121. Ra1 {[%emt 0:00:02]} Nd5 {[%emt 0:00:04]}
122. Rd1+ {[%emt 0:00:01]} Kc4 {[%emt 0:00:01]} 123. Rd2 {[%emt 0:00:01]} Nc3 {
[%emt 0:00:02]} 124. Ke3 {[%emt 0:00:01]} Nd5+ {[%emt 0:00:01]} 125. Ke4 {
[%emt 0:00:02]} Nc3+ {[%emt 0:00:01]} 126. Ke5 {[%emt 0:00:00]} Kc5 {[%emt 0:
00:02]} 127. Rd8 {[%emt 0:00:02]} Kc4 {[%emt 0:00:01]} 128. Rc8+ {[%emt 0:00:
01]} Kd3 {[%emt 0:00:01]} 129. Rc7 {[%emt 0:00:02]} Ne2 {[%emt 0:00:09]} 130.
Rd7+ {[%emt 0:00:02]} Ke3 {[%emt 0:00:01]} 131. Rh7 {[%emt 0:00:02]} Kd3 {
[%emt 0:00:05]} 132. Rh3+ {[%emt 0:00:01]} Kc4 {[%emt 0:00:01]} 133. Re3 {
[%emt 0:00:02]} Nc3 {[%emt 0:00:01]} 134. Re1 {[%emt 0:00:01]} Kd3 {[%emt 0:00:
02]} 135. Kf4 {[%emt 0:00:01]} 1/2-1/2